[Event "Stay Safe Play From Home 380"]
[Site "Emanuel Lasker Arena"]
[Date "2020.08.13"]
[Round "4"]
[White "Fischer_11"]
[Black "Batabat1955"]
[Result "0-1"]
[WhiteElo "2016"]
[BlackElo "1945"]
[Annotator "NA"]
[PlyCount "144"]
[EventDate "2020.08.13"]
[EventType "swiss (blitz)"]

1. e4 {[%emt 0:00:02]} e6 {[%emt 0:00:00]} 2. d4 {[%emt 0:00:01]} d5 {[%emt 0:00:00]} 3. Nd2 {[%emt 0:00:00]} dxe4 {[%emt 0:00:01]} 4. Nxe4 {[%emt 0:00:00]} Be7 {[%emt 0:00:00]} 5. Nf3 {[%emt 0:00:01]} Nd7 {[%emt 0:00:00]} 6. Bd3 {[%emt 0:00:01]} Ngf6 {[%emt 0:00:00]} 7. Nxf6+ {[%emt 0:00:00]} Nxf6 {[%emt 0:00:00]} 8. Qe2 {[%emt 0:00:00]} O-O {[%emt 0:00:00]} 9. c3 {[%emt 0:00:01]} b6 {[%emt 0:00:01]} 10. Bg5 {[%emt 0:00:01]} Bb7 {[%emt 0:00:01]} 11. Bxf6 {[%emt 0:00:01]} Bxf6 {[%emt 0:00:00]} 12. Be4 {[%emt 0:00:00]} Bxe4 {[%emt 0:00:02]} 13. Qxe4 {[%emt 0:00:00]} c5 {[%emt 0:00:01]} 14. dxc5 {[%emt 0:00:01]} bxc5 {[%emt 0:00:01]} 15. O-O {[%emt 0:00:00]} Qc7 {[%emt 0:00:02]} 16. Rfd1 {[%emt 0:00:05]} Rab8 {[%emt 0:00:01]} 17. Qc2 {[%emt 0:00:04]} Rfd8 {[%emt 0:00:01]} 18. b3 {[%emt 0:00:01]} h6 {[%emt 0:00:02]} 19. g3 {[%emt 0:00:02]} Qc6 {[%emt 0:00:01]} 20. Kg2 {[%emt 0:00:01]} g5 {[%emt 0:00:01]} 21. h3 {[%emt 0:00:01]} h5 {[%emt 0:00:01]} 22. g4 {[%emt 0:00:04]} hxg4 {[%emt 0:00:01]} 23. hxg4 {[%emt 0:00:00]} Kg7 {[%emt 0:00:01]} 24. Rxd8 {[%emt 0:00:05]} Rxd8 {[%emt 0:00:01]} 25. Rd1 {[%emt 0:00:00]} Rxd1 {[%emt 0:00:04]} 26. Qxd1 {[%emt 0:00:00]} Bxc3 {[%emt 0:00:01]} 27. Qc1 {[%emt 0:00:01]} Bf6 {[%emt 0:00:01]} 28. Kg3 {[%emt 0:00:00]} Qd6+ {[%emt 0:00:01]} 29. Kg2 {[%emt 0:00:01]} Qd5 {[%emt 0:00:01]} 30. Kg3 {[%emt 0:00:01]} Be5+ {[%emt 0:00:03]} 31. Kg2 {[%emt 0:00:02]} Bf4 {[%emt 0:00:00]} 32. Qb1 {[%emt 0:00:02]} c4 {[%emt 0:00:01]} 33. bxc4 {[%emt 0:00:01]} Qxc4 {[%emt 0:00:00]} 34. Qb3 {[%emt 0:00:02]} Qxb3 {[%emt 0:00:01]} 35. axb3 {[%emt 0:00:00]} f6 {[%emt 0:00:00]} 36. Nd4 {[%emt 0:00:00]} e5 {[%emt 0:00:01]} 37. Nc6 {[%emt 0:00:00]} a6 {[%emt 0:00:01]} 38. Kf3 {[%emt 0:00:01]} a5 {[%emt 0:00:01]} 39. Ke4 {[%emt 0:00:00]} Bd2 {[%emt 0:00:01]} 40. f3 {[%emt 0:00:01]} Be1 {[%emt 0:00:00]} 41. Kf5 {[%emt 0:00:01]} Kf7 {[%emt 0:00:00]} 42. Nd4 {[%emt 0:00:01]} Bb4 {[%emt 0:00:01]} 43. Nc2 {[%emt 0:00:03]} Bc3 {[%emt 0:00:01]} 44. Ne3 {[%emt 0:00:00]} Ke7 {[%emt 0:00:01]} 45. Nd5+ {[%emt 0:00:00]} Kd6 {[%emt 0:00:00]} 46. Nxc3 {[%emt 0:00:00]} Kc5 {[%emt 0:00:00]} 47. Ne4+ {[%emt 0:00:00]} Kb4 {[%emt 0:00:01]} 48. Kxf6 {[%emt 0:00:01]} Kxb3 {[%emt 0:00:00]} 49. Kxg5 {[%emt 0:00:01]} a4 {[%emt 0:00:00]} 50. Nd2+ {[%emt 0:00:01]} Kc2 {[%emt 0:00:01]} 51. Nc4 {[%emt 0:00:00]} Kc3 {[%emt 0:00:01]} 52. Na3 {[%emt 0:00:01]} Kb3 {[%emt 0:00:00]} 53. Nb5 {[%emt 0:00:00]} Kb4 {[%emt 0:00:01]} 54. Kf5 {[%emt 0:00:00]} Kxb5 {[%emt 0:00:01]} 55. g5 {[%emt 0:00:00]} a3 {[%emt 0:00:00]} 56. g6 {[%emt 0:00:00]} a2 {[%emt 0:00:00]} 57. g7 {[%emt 0:00:00]} a1=Q {[%emt 0:00:00]} 58. g8=Q {[%emt 0:00:00]} Qb1+ {[%emt 0:00:01]} 59. Kg4 {[%emt 0:00:01]} Qg1+ {[%emt 0:00:02]} 60. Kf5 {[%emt 0:00:00]} Qxg8 {[%emt 0:00:00]} 61. Kxe5 {[%emt 0:00:00]} Qf8 {[%emt 0:00:00]} 62. f4 {[%emt 0:00:01]} Qf7 {[%emt 0:00:00]} 63. f5 {[%emt 0:00:00]} Kc6 {[%emt 0:00:00]} 64. f6 {[%emt 0:00:00]} Kd7 {[%emt 0:00:00]} 65. Kf5 {[%emt 0:00:00]} Kd6 {[%emt 0:00:01]} 66. Kg5 {[%emt 0:00:01]} Ke6 {[%emt 0:00:00]} 67. Kh6 {[%emt 0:00:00]} Qxf6+ {[%emt 0:00:00]} 68. Kh5 {[%emt 0:00:00]} Qg7 {[%emt 0:00:00]} 69. Kh4 {[%emt 0:00:01]} Kf5 {[%emt 0:00:00]} 70. Kh3 {[%emt 0:00:00]} Kf4 {[%emt 0:00:00]} 71. Kh2 {[%emt 0:00:00]} Kf3 {[%emt 0:00:00]} 72. Kh1 {[%emt 0:00:00]} Qg2# {[%emt 0:00:00] (Lag: Av=0.47s, max=1.1s) (Lag: Av=0.47s, max=1.1s) (Lag: Av=0.47s, max=1.1s)} 0-1

[Event "Stay Safe Play From Home 380"]
[Site "Emanuel Lasker Arena"]
[Date "2020.08.13"]
[Round "4"]
[White "Padmaesh M K"]
[Black "Dreamsoldier"]
[Result "1-0"]
[WhiteElo "1844"]
[BlackElo "1252"]
[Annotator "NA"]
[PlyCount "87"]
[EventDate "2020.08.13"]
[EventType "swiss (blitz)"]

1. e4 {[%emt 0:00:01]} Nf6 {[%emt 0:00:00]} 2. e5 {[%emt 0:00:02]} Nd5 {[%emt 0:00:00]} 3. c4 {[%emt 0:00:00]} Nb4 {[%emt 0:00:00]} 4. a3 {[%emt 0:00:01]} N4c6 {[%emt 0:00:00]} 5. d4 {[%emt 0:00:01]} d6 {[%emt 0:00:00]} 6. exd6 {[%emt 0:00:02]} cxd6 {[%emt 0:00:00]} 7. Nf3 {[%emt 0:00:00]} g6 {[%emt 0:00:01]} 8. Nc3 {[%emt 0:00:00]} Bg4 {[%emt 0:00:01]} 9. d5 {[%emt 0:00:00]} Bxf3 {[%emt 0:00:00]} 10. gxf3 {[%emt 0:00:02]} Ne5 {[%emt 0:00:00]} 11. f4 {[%emt 0:00:01]} Ned7 {[%emt 0:00:00]} 12. Be3 {[%emt 0:00:02]} Bg7 {[%emt 0:00:00]} 13. Bd4 {[%emt 0:00:01]} Bxd4 {[%emt 0:00:02]} 14. Qxd4 {[%emt 0:00:00]} Rf8 {[%emt 0:00:01]} 15. Bd3 {[%emt 0:00:01]} Nc5 {[%emt 0:00:02]} 16. O-O-O {[%emt 0:00:02]} Nxd3+ {[%emt 0:00:01]} 17. Qxd3 {[%emt 0:00:00]} Nd7 {[%emt 0:00:00]} 18. Ne4 {[%emt 0:00:02]} Nc5 {[%emt 0:00:00]} 19. Nxc5 {[%emt 0:00:02]} dxc5 {[%emt 0:00:00]} 20. Rhe1 {[%emt 0:00:00]} Qd6 {[%emt 0:00:03]} 21. Qb3 {[%emt 0:00:03]} b6 {[%emt 0:00:02]} 22. Qb5+ {[%emt 0:00:01]} Kd8 {[%emt 0:00:01]} 23. Re4 {[%emt 0:00:01]} Kc7 {[%emt 0:00:02]} 24. Rde1 {[%emt 0:00:01]} Rae8 {[%emt 0:00:01]} 25. Re5 {[%emt 0:00:01]} e6 {[%emt 0:00:01]} 26. dxe6 {[%emt 0:00:01]} Rxe6 {[%emt 0:00:01]} 27. Qa6 {[%emt 0:00:02]} Kb8 {[%emt 0:00:02]} 28. Qb5 {[%emt 0:00:05]} Rxe5 {[%emt 0:00:02]} 29. fxe5 {[%emt 0:00:01]} Qd4 {[%emt 0:00:02]} 30. Qc6 {[%emt 0:00:03]} Qd8 {[%emt 0:00:23]} 31. Qe4 {[%emt 0:00:00]} Qe7 {[%emt 0:00:01]} 32. Qf4 {[%emt 0:00:01]} Re8 {[%emt 0:00:00]} 33. e6+ {[%emt 0:00:01]} Kb7 {[%emt 0:00:05]} 34. Qxf7 {[%emt 0:00:03]} Qxf7 {[%emt 0:00:01]} 35. exf7 {[%emt 0:00:00]} Rf8 {[%emt 0:00:00]} 36. Re7+ {[%emt 0:00:02]} Ka6 {[%emt 0:00:00]} 37. Kc2 {[%emt 0:00:01]} h5 {[%emt 0:00:00]} 38. Kb3 {[%emt 0:00:01]} g5 {[%emt 0:00:00]} 39. Ka4 {[%emt 0:00:01]} b5+ {[%emt 0:00:00]} 40. cxb5+ {[%emt 0:00:01]} Kb6 {[%emt 0:00:00]} 41. Re6+ {[%emt 0:00:00]} Kb7 {[%emt 0:00:01]} 42. Re7+ {[%emt 0:00:01]} Kb6 {[%emt 0:00:01]} 43. Re6+ {[%emt 0:00:01]} Kc7 {[%emt 0:00:01]} 44. Rf6 {[%emt 0:00:01] Zaman Zaman Zaman (Lag: Av=0.81s, max=1.4s) (Lag: Av=0.81s, max=1.4s) (Lag: Av=0.81s, max=1.4s)} 1-0

[Event "Stay Safe Play From Home 380"]
[Site "Emanuel Lasker Arena"]
[Date "2020.08.13"]
[Round "4"]
[White "UHU4"]
[Black "Yuriko"]
[Result "0-1"]
[WhiteElo "1385"]
[BlackElo "2041"]
[PlyCount "62"]
[EventDate "2020.08.13"]
[EventType "swiss (blitz)"]

{Manoc a, Calota} 1. g4 {[%emt 0:00:04]} c5 {[%emt 0:00:00]} 2. Bg2 {[%emt 0:00:02]} d5 {[%emt 0:00:00]} 3. c4 {[%emt 0:00:02]} h6 {[%emt 0:00:00]} 4. Qb3 {[%emt 0:00:01]} dxc4 {[%emt 0:00:01]} 5. Qxc4 {[%emt 0:00:02]} Qc7 {[%emt 0:00:00]} 6. Nc3 {[%emt 0:00:04]} Nf6 {[%emt 0:00:00]} 7. h3 {[%emt 0:00:03]} a6 {[%emt 0:00:01]} 8. Nf3 {[%emt 0:00:01]} e6 {[%emt 0:00:00]} 9. a4 {[%emt 0:00:02]} Be7 {[%emt 0:00:01]} 10. d3 {[%emt 0:00:02]} Nbd7 {[%emt 0:00:01]} 11. Bf4 {[%emt 0:00:02]} e5 {[%emt 0:00:02]} 12. Bg3 {[%emt 0:00:01]} O-O {[%emt 0:00:00]} 13. e3 {[%emt 0:00:02]} Bd6 {[%emt 0:00:01]} 14. O-O {[%emt 0:00:02]} Rd8 {[%emt 0:00:01]} 15. Nd5 {[%emt 0:00:01]} Nxd5 {[%emt 0:00:02]} 16. Qxd5 {[%emt 0:00:01]} Nf6 {[%emt 0:00:01]} 17. Qc4 {[%emt 0:00:03]} Be6 {[%emt 0:00:00]} 18. Qc2 {[%emt 0:00:02]} Rac8 {[%emt 0:00:00]} 19. Rac1 {[%emt 0:00:01]} Qa5 {[%emt 0:00:01]} 20. Qd2 {[%emt 0:00:03]} Qxa4 {[%emt 0:00:02]} 21. Nxe5 {[%emt 0:00:01]} Nd5 {[%emt 0:00:04]} 22. Nc4 {[%emt 0:00:02]} Bxg3 {[%emt 0:00:02]} 23. fxg3 {[%emt 0:00:01]} Qb5 {[%emt 0:00:01]} 24. Ne5 {[%emt 0:00:02]} Nb4 {[%emt 0:00:01]} 25. Nc4 {[%emt 0:00:03]} Qd7 {[%emt 0:00:02]} 26. Rfd1 {[%emt 0:00:02]} b5 {[%emt 0:00:01]} 27. Ne5 {[%emt 0:00:02]} Qd6 {[%emt 0:00:01]} 28. d4 {[%emt 0:00:01]} cxd4 {[%emt 0:00:03]} 29. exd4 {[%emt 0:00:01]} Rxc1 {[%emt 0:00:01]} 30. Rxc1 {[%emt 0:00:01]} Qxe5 {[%emt 0:00:03]} 31. dxe5 {[%emt 0:00:04]} Rxd2 {[%emt 0:00:01] Tiempo Tiempo Tiempo (Lag: Av=0.45s, max=0.5s) (Lag: Av=0.45s, max=0.5s) (Lag: Av=0.45s, max=0.5s)} 0-1

[Event "Stay Safe Play From Home 380"]
[Site "Emanuel Lasker Arena"]
[Date "2020.08.13"]
[Round "5"]
[White "Broken sword"]
[Black "Mepe_Nika"]
[Result "0-1"]
[WhiteElo "2503"]
[BlackElo "2336"]
[PlyCount "86"]
[EventDate "2020.08.13"]
[EventType "swiss (blitz)"]

1. e4 {[%emt 0:00:01]} c6 {[%emt 0:00:01]} 2. d4 {[%emt 0:00:01]} d5 {[%emt 0:00:00]} 3. Nc3 {[%emt 0:00:00]} dxe4 {[%emt 0:00:01]} 4. Nxe4 {[%emt 0:00:00]} Nf6 {[%emt 0:00:00]} 5. Ng3 {[%emt 0:00:00]} g6 {[%emt 0:00:05]} 6. Bc4 {[%emt 0:00:01]} Bg7 {[%emt 0:00:00]} 7. h3 {[%emt 0:00:00]} O-O {[%emt 0:00:00]} 8. Nf3 {[%emt 0:00:00]} c5 {[%emt 0:00:00]} 9. c3 {[%emt 0:00:01]} cxd4 {[%emt 0:00:01]} 10. Qxd4 {[%emt 0:00:00]} Nc6 {[%emt 0:00:01]} 11. Qxd8 {[%emt 0:00:01]} Rxd8 {[%emt 0:00:00]} 12. O-O {[%emt 0:00:00]} a6 {[%emt 0:00:01]} 13. Bg5 {[%emt 0:00:02]} b5 {[%emt 0:00:01]} 14. Bb3 {[%emt 0:00:00]} Bb7 {[%emt 0:00:01]} 15. Rfe1 {[%emt 0:00:01]} h6 {[%emt 0:00:02]} 16. Be3 {[%emt 0:00:02]} e6 {[%emt 0:00:01]} 17. Nd4 {[%emt 0:00:02]} Na5 {[%emt 0:00:02]} 18. Rad1 {[%emt 0:00:00]} Nxb3 {[%emt 0:00:01]} 19. Nxb3 {[%emt 0:00:00]} Rxd1 {[%emt 0:00:02]} 20. Rxd1 {[%emt 0:00:01]} Nd5 {[%emt 0:00:00]} 21. Bd4 {[%emt 0:00:01]} Rd8 {[%emt 0:00:02]} 22. Bxg7 {[%emt 0:00:01]} Kxg7 {[%emt 0:00:00]} 23. Nc5 {[%emt 0:00:01]} Bc8 {[%emt 0:00:01]} 24. f3 {[%emt 0:00:02]} Rd6 {[%emt 0:00:01]} 25. Nge4 {[%emt 0:00:02]} Rc6 {[%emt 0:00:01]} 26. Nb3 {[%emt 0:00:04]} b4 {[%emt 0:00:03]} 27. cxb4 {[%emt 0:00:03]} Rc2 {[%emt 0:00:04]} 28. Rd2 {[%emt 0:00:01]} Rxd2 {[%emt 0:00:01]} 29. Nexd2 {[%emt 0:00:00]} Nxb4 {[%emt 0:00:00]} 30. Nc1 {[%emt 0:00:01]} e5 {[%emt 0:00:02]} 31. a3 {[%emt 0:00:01]} Nd5 {[%emt 0:00:01]} 32. Kf2 {[%emt 0:00:01]} Be6 {[%emt 0:00:01]} 33. h4 {[%emt 0:00:02]} f5 {[%emt 0:00:01]} 34. g3 {[%emt 0:00:01]} Kf6 {[%emt 0:00:01]} 35. Nd3 {[%emt 0:00:01]} g5 {[%emt 0:00:01]} 36. Nc5 {[%emt 0:00:01]} Bc8 {[%emt 0:00:01]} 37. hxg5+ {[%emt 0:00:00]} hxg5 {[%emt 0:00:00]} 38. Nc4 {[%emt 0:00:00]} g4 {[%emt 0:00:02]} 39. Nd6 {[%emt 0:00:01]} Be6 {[%emt 0:00:01]} 40. Nxa6 {[%emt 0:00:01]} gxf3 {[%emt 0:00:01]} 41. Kxf3 {[%emt 0:00:00]} Nb6 {[%emt 0:00:01]} 42. Nc5 {[%emt 0:00:01]} e4+ {[%emt 0:00:01]} 43. Kf4 {[%emt 0:00:02]} Nd5# {[%emt 0:00:01] (Lag: Av=0.33s, max=0.5s) (Lag: Av=0.33s, max=0.5s) (Lag: Av=0.33s, max=0.5s)} 0-1

[Event "Stay Safe Play From Home 380"]
[Site "Emanuel Lasker Arena"]
[Date "2020.08.13"]
[Round "5"]
[White "AChessPlayer"]
[Black "Padmaesh M K"]
[Result "1-0"]
[WhiteElo "2457"]
[BlackElo "1845"]
[PlyCount "61"]
[EventDate "2020.08.13"]
[EventType "swiss (blitz)"]

1. Nf3 {[%emt 0:00:00]} e6 {[%emt 0:00:01]} 2. g3 {[%emt 0:00:00]} d5 {[%emt 0:00:00]} 3. Bg2 {[%emt 0:00:00]} Nf6 {[%emt 0:00:01]} 4. O-O {[%emt 0:00:00]} Bd6 {[%emt 0:00:00]} 5. c4 {[%emt 0:00:01]} b6 {[%emt 0:00:00]} 6. d4 {[%emt 0:00:01]} Bb7 {[%emt 0:00:01]} 7. Ne5 {[%emt 0:00:00]} Nbd7 {[%emt 0:00:01]} 8. Qa4 {[%emt 0:00:01]} O-O {[%emt 0:00:02]} 9. Bf4 {[%emt 0:00:01]} Bxe5 {[%emt 0:00:04]} 10. dxe5 {[%emt 0:00:00]} Nc5 {[%emt 0:00:01]} 11. Qc2 {[%emt 0:00:02]} Nfe4 {[%emt 0:00:01]} 12. Rd1 {[%emt 0:00:02]} g5 {[%emt 0:00:01]} 13. Bc1 {[%emt 0:00:02]} Na6 {[%emt 0:00:07]} 14. Bxe4 {[%emt 0:00:02]} dxe4 {[%emt 0:00:01]} 15. Rxd8 {[%emt 0:00:02]} Raxd8 {[%emt 0:00:00]} 16. Nc3 {[%emt 0:00:00]} h6 {[%emt 0:00:02]} 17. a3 {[%emt 0:00:01]} e3 {[%emt 0:00:02]} 18. Bxe3 {[%emt 0:00:01]} Nc5 {[%emt 0:00:01]} 19. b4 {[%emt 0:00:02]} Nd7 {[%emt 0:00:03]} 20. f4 {[%emt 0:00:00]} Nb8 {[%emt 0:00:01]} 21. fxg5 {[%emt 0:00:01]} h5 {[%emt 0:00:01]} 22. g6 {[%emt 0:00:01]} Kg7 {[%emt 0:00:02]} 23. Bg5 {[%emt 0:00:01]} Rd7 {[%emt 0:00:03]} 24. Bf6+ {[%emt 0:00:00]} Kh6 {[%emt 0:00:03]} 25. g7 {[%emt 0:00:02]} Rg8 {[%emt 0:00:04]} 26. Rf1 {[%emt 0:00:00]} c5 {[%emt 0:00:02]} 27. b5 {[%emt 0:00:01]} Rc7 {[%emt 0:00:02]} 28. Rf5 {[%emt 0:00:02]} exf5 {[%emt 0:00:05]} 29. Qxf5 {[%emt 0:00:00]} Bc8 {[%emt 0:00:00]} 30. Qg5+ {[%emt 0:00:01]} Kh7 {[%emt 0:00:01]} 31. Qxh5# {[%emt 0:00:00] (Lag: Av=1.02s, max=2.9s) (Lag: Av=1.02s, max=2.9s) (Lag: Av=1.02s, max=2.9s)} 1-0

[Event "Stay Safe Play From Home 380"]
[Site "Emanuel Lasker Arena"]
[Date "2020.08.13"]
[Round "5"]
[White "IceQueen"]
[Black "NTBT_DHS"]
[Result "0-1"]
[WhiteElo "2306"]
[BlackElo "2557"]
[Annotator "RC"]
[PlyCount "114"]
[EventDate "2020.08.13"]
[EventType "swiss (blitz)"]

1. e4 {[%emt 0:00:01]} g6 {[%emt 0:00:01]} 2. Nc3 {[%emt 0:00:00]} Bg7 {[%emt 0:00:00]} 3. d3 {[%emt 0:00:00]} d6 {[%emt 0:00:00]} 4. h4 {[%emt 0:00:00]} c5 {[%emt 0:00:00]} 5. h5 {[%emt 0:00:00]} Nc6 {[%emt 0:00:00]} 6. h6 {[%emt 0:00:00]} Bf8 {[%emt 0:00:01]} 7. Nf3 {[%emt 0:00:01]} b6 {[%emt 0:00:01]} 8. Bg5 {[%emt 0:00:01]} Bb7 {[%emt 0:00:00]} 9. d4 {[%emt 0:00:00]} f6 {[%emt 0:00:01]} 10. Bh4 {[%emt 0:00:01]} Qc7 {[%emt 0:00:01]} 11. Nd5 {[%emt 0:00:02]} Qd7 {[%emt 0:00:00]} 12. Bc4 {[%emt 0:00:02]} Rc8 {[%emt 0:00:02]} 13. Nf4 {[%emt 0:00:01]} Nd8 {[%emt 0:00:03]} 14. d5 {[%emt 0:00:03]} Nf7 {[%emt 0:00:03]} 15. Ne6 {[%emt 0:00:01]} Bxh6 {[%emt 0:00:00]} 16. Qe2 {[%emt 0:00:01]} a6 {[%emt 0:00:05]} 17. Bxa6 {[%emt 0:00:01]} Bxa6 {[%emt 0:00:01]} 18. Qxa6 {[%emt 0:00:00]} Nd8 {[%emt 0:00:03]} 19. Nxd8 {[%emt 0:00:03]} Qxd8 {[%emt 0:00:00]} 20. a4 {[%emt 0:00:01]} Kf7 {[%emt 0:00:01]} 21. Bg3 {[%emt 0:00:02]} Bg7 {[%emt 0:00:02]} 22. Qc4 {[%emt 0:00:01]} h5 {[%emt 0:00:01]} 23. Nh4 {[%emt 0:00:01]} Nh6 {[%emt 0:00:02]} 24. f3 {[%emt 0:00:03]} g5 {[%emt 0:00:01]} 25. Nf5 {[%emt 0:00:01]} Qd7 {[%emt 0:00:03]} 26. Nxg7 {[%emt 0:00:02]} Kxg7 {[%emt 0:00:01]} 27. Rxh5 {[%emt 0:00:00]} Nf7 {[%emt 0:00:07]} 28. Rxh8 {[%emt 0:00:01]} Rxh8 {[%emt 0:00:00]} 29. O-O-O {[%emt 0:00:00]} Ra8 {[%emt 0:00:00]} 30. b3 {[%emt 0:00:01]} Ra5 {[%emt 0:00:01]} 31. Be1 {[%emt 0:00:02]} Ra7 {[%emt 0:00:01]} 32. Bc3 {[%emt 0:00:01]} Rb7 {[%emt 0:00:02]} 33. Qb5 {[%emt 0:00:02]} Qxb5 {[%emt 0:00:02]} 34. axb5 {[%emt 0:00:00]} Rb8 {[%emt 0:00:00]} 35. Kb2 {[%emt 0:00:01]} Rh8 {[%emt 0:00:00]} 36. Rd2 {[%emt 0:00:01]} Rh2 {[%emt 0:00:01]} 37. g3 {[%emt 0:00:01]} Rh3 {[%emt 0:00:01]} 38. Rg2 {[%emt 0:00:00]} Ne5 {[%emt 0:00:00]} 39. f4 {[%emt 0:00:01]} Nf3 {[%emt 0:00:01]} 40. e5 {[%emt 0:00:03]} fxe5 {[%emt 0:00:01]} 41. fxe5 {[%emt 0:00:02]} dxe5 {[%emt 0:00:00]} 42. g4 {[%emt 0:00:02]} Kg6 {[%emt 0:00:01]} 43. Re2 {[%emt 0:00:01]} Kf6 {[%emt 0:00:00]} 44. Re3 {[%emt 0:00:01]} Rg3 {[%emt 0:00:02]} 45. Be1 {[%emt 0:00:02]} Rh3 {[%emt 0:00:01]} 46. Bc3 {[%emt 0:00:00]} Kg6 {[%emt 0:00:00]} 47. Bxe5 {[%emt 0:00:01]} Ng1 {[%emt 0:00:00]} 48. Re1 {[%emt 0:00:02]} Nf3 {[%emt 0:00:00]} 49. Re3 {[%emt 0:00:00]} Ng1 {[%emt 0:00:00]} 50. Re2 {[%emt 0:00:01]} Nxe2 {[%emt 0:00:01]} 51. Bd6 {[%emt 0:00:01]} Nd4 {[%emt 0:00:00]} 52. Bxe7 {[%emt 0:00:00]} Rh2 {[%emt 0:00:00]} 53. d6 {[%emt 0:00:00]} Rxc2+ {[%emt 0:00:00]} 54. Kb1 {[%emt 0:00:01]} Rd2 {[%emt 0:00:00]} 55. d7 {[%emt 0:00:00]} Nxb3 {[%emt 0:00:00]} 56. d8=Q {[%emt 0:00:01]} Rd7 {[%emt 0:00:00]} 57. Kb2 {[%emt 0:00:00]} Nd2 {[%emt 0:00:00] Time Time Time (Lag: Av=0.64s, max=0.9s) (Lag: Av=0.64s, max=0.9s) (Lag: Av=0.64s, max=0.9s)} 0-1

[Event "Stay Safe Play From Home 380"]
[Site "Emanuel Lasker Arena"]
[Date "2020.08.13"]
[Round "5"]
[White "Lazieri3"]
[Black "Lamborghini"]
[Result "0-1"]
[WhiteElo "2144"]
[BlackElo "2261"]
[PlyCount "58"]
[EventDate "2020.08.13"]
[EventType "swiss (blitz)"]

1. e4 {[%emt 0:00:02]} c5 {[%emt 0:00:02]} 2. Nc3 {[%emt 0:00:00]} d6 {[%emt 0:00:00]} 3. d3 {[%emt 0:00:00]} e6 {[%emt 0:00:00]} 4. Nf3 {[%emt 0:00:00]} Nc6 {[%emt 0:00:00]} 5. Bg5 {[%emt 0:00:00]} Be7 {[%emt 0:00:01]} 6. Bxe7 {[%emt 0:00:00]} Ngxe7 {[%emt 0:00:00]} 7. g3 {[%emt 0:00:01]} O-O {[%emt 0:00:00]} 8. Bg2 {[%emt 0:00:00]} e5 {[%emt 0:00:00]} 9. O-O {[%emt 0:00:00]} f6 {[%emt 0:00:00]} 10. h4 {[%emt 0:00:01]} Be6 {[%emt 0:00:01]} 11. a3 {[%emt 0:00:02]} d5 {[%emt 0:00:01]} 12. exd5 {[%emt 0:00:01]} Nxd5 {[%emt 0:00:00]} 13. Nxd5 {[%emt 0:00:00]} Bxd5 {[%emt 0:00:01]} 14. c3 {[%emt 0:00:01]} Qd7 {[%emt 0:00:01]} 15. Qe2 {[%emt 0:00:01]} Rad8 {[%emt 0:00:01]} 16. Rad1 {[%emt 0:00:01]} Rfe8 {[%emt 0:00:00]} 17. Rd2 {[%emt 0:00:02]} b6 {[%emt 0:00:01]} 18. Rfd1 {[%emt 0:00:02]} Qb7 {[%emt 0:00:01]} 19. d4 {[%emt 0:00:02]} exd4 {[%emt 0:00:02]} 20. Qb5 {[%emt 0:00:02]} Ne5 {[%emt 0:00:05]} 21. Ne1 {[%emt 0:00:10]} Bxg2 {[%emt 0:00:01]} 22. Nxg2 {[%emt 0:00:01]} Nf3+ {[%emt 0:00:01]} 23. Kh1 {[%emt 0:00:04]} Nxd2 {[%emt 0:00:01]} 24. Rxd2 {[%emt 0:00:00]} dxc3 {[%emt 0:00:01]} 25. bxc3 {[%emt 0:00:02]} Re1+ {[%emt 0:00:05]} 26. Kh2 {[%emt 0:00:03]} Rxd2 {[%emt 0:00:01]} 27. Nxe1 {[%emt 0:00:03]} Rxf2+ {[%emt 0:00:01]} 28. Kh3 {[%emt 0:00:01]} Qe4 {[%emt 0:00:01]} 29. Qc4+ {[%emt 0:00:04]} Qxc4 {[%emt 0:00:01] Lazieri3 resigns Lazieri3 resigns Lazieri3 resigns (Lag: Av=0.47s, max=0.8s) (Lag: Av=0.47s, max=0.8s) (Lag: Av=0.47s, max=0.8s)} 0-1

[Event "Stay Safe Play From Home 380"]
[Site "Emanuel Lasker Arena"]
[Date "2020.08.13"]
[Round "5"]
[White "Yuriko"]
[Black "Batabat1955"]
[Result "1-0"]
[WhiteElo "2042"]
[BlackElo "1965"]
[Annotator "NA"]
[PlyCount "87"]
[EventDate "2020.08.13"]
[EventType "swiss (blitz)"]

1. d4 {[%emt 0:00:02]} e6 {[%emt 0:00:00]} 2. c4 {[%emt 0:00:00]} d5 {[%emt 0:00:00]} 3. Nc3 {[%emt 0:00:00]} Nf6 {[%emt 0:00:00]} 4. Nf3 {[%emt 0:00:00]} Be7 {[%emt 0:00:00]} 5. e3 {[%emt 0:00:00]} Nbd7 {[%emt 0:00:00]} 6. Qc2 {[%emt 0:00:00]} a6 {[%emt 0:00:00]} 7. Rb1 {[%emt 0:00:00]} dxc4 {[%emt 0:00:00]} 8. Bxc4 {[%emt 0:00:01]} b5 {[%emt 0:00:00]} 9. Bb3 {[%emt 0:00:00]} Bb7 {[%emt 0:00:00]} 10. a3 {[%emt 0:00:00]} c5 {[%emt 0:00:00]} 11. Qe2 {[%emt 0:00:01]} cxd4 {[%emt 0:00:00]} 12. exd4 {[%emt 0:00:00]} Rc8 {[%emt 0:00:00]} 13. O-O {[%emt 0:00:00]} Nb6 {[%emt 0:00:00]} 14. Re1 {[%emt 0:00:01]} Nbd5 {[%emt 0:00:02]} 15. Bd2 {[%emt 0:00:01]} O-O {[%emt 0:00:01]} 16. Rbd1 {[%emt 0:00:00]} Bd6 {[%emt 0:00:05]} 17. Bg5 {[%emt 0:00:03]} Nf4 {[%emt 0:00:02]} 18. Qd2 {[%emt 0:00:04]} Ng6 {[%emt 0:00:02]} 19. d5 {[%emt 0:00:04]} e5 {[%emt 0:00:05]} 20. Be3 {[%emt 0:00:04]} Ng4 {[%emt 0:00:01]} 21. h3 {[%emt 0:00:01]} Nxe3 {[%emt 0:00:01]} 22. Qxe3 {[%emt 0:00:01]} Re8 {[%emt 0:00:01]} 23. Ng5 {[%emt 0:00:01]} Bc5 {[%emt 0:00:01]} 24. Qg3 {[%emt 0:00:02]} f5 {[%emt 0:00:02]} 25. Ne6 {[%emt 0:00:03]} Qd6 {[%emt 0:00:06]} 26. Nxc5 {[%emt 0:00:05]} Rxc5 {[%emt 0:00:04]} 27. Rd2 {[%emt 0:00:04]} a5 {[%emt 0:00:03]} 28. Red1 {[%emt 0:00:00]} b4 {[%emt 0:00:03]} 29. axb4 {[%emt 0:00:00]} axb4 {[%emt 0:00:01]} 30. Na4 {[%emt 0:00:01]} Rb5 {[%emt 0:00:01]} 31. Qd3 {[%emt 0:00:03]} Ba6 {[%emt 0:00:02]} 32. Bc4 {[%emt 0:00:02]} Ra5 {[%emt 0:00:02]} 33. b3 {[%emt 0:00:01]} Bxc4 {[%emt 0:00:01]} 34. Qxc4 {[%emt 0:00:00]} Rc5 {[%emt 0:00:01]} 35. Qd3 {[%emt 0:00:01]} h6 {[%emt 0:00:01]} 36. Qg3 {[%emt 0:00:01]} e4 {[%emt 0:00:00]} 37. Qxd6 {[%emt 0:00:01]} Rcc8 {[%emt 0:00:02]} 38. Qxb4 {[%emt 0:00:02]} Ne5 {[%emt 0:00:01]} 39. Qd4 {[%emt 0:00:00]} Nd3 {[%emt 0:00:00]} 40. Rxd3 {[%emt 0:00:01]} Rcd8 {[%emt 0:00:00]} 41. Re3 {[%emt 0:00:01]} f4 {[%emt 0:00:01]} 42. d6 {[%emt 0:00:00]} fxe3 {[%emt 0:00:01]} 43. Qc4+ {[%emt 0:00:00]} Kh8 {[%emt 0:00:02]} 44. fxe3 {[%emt 0:00:00] Time Time Time (Lag: Av=0.50s, max=1.0s) (Lag: Av=0.50s, max=1.0s) (Lag: Av=0.50s, max=1.0s)} 1-0